| 000 | 00612nam a2200181 i 4500 | ||
|---|---|---|---|
| 001 | 83905 | ||
| 003 | ES-MaACL | ||
| 007 | t| | ||
| 008 | 041118s1982 sp ||||1| spa d | ||
| 100 | 1 |
_aItúrbide Díaz, Javier. _965620 |
|
| 245 | 1 | 0 |
_aNavarra, historia y arte _b: doce guías para su estudio / _cJavier Iturbide Díaz, Román Felones Morrás. |
| 260 |
_a[Pamplona] : _bDiputación Foral de Navarra, _c[1982] |
||
| 300 |
_a250 p. : _bil. ; _c28 cm. |
||
| 700 | 1 |
_aFelones Morrás, Román. _949228 |
|
| 852 |
_aES-MaACL _jL-4523 _bR.105203 |
||
| 852 |
_aES-MaACL _jL-16437 _bR.119330 |
||
| 999 |
_c83905 _d83905 |
||